[Event "Siracusa op 2nd"]
[Site "Siracusa"]
[Date "2007.09.07"]
[Round "7"]
[White "Nobile, Stefano"]
[Black "Olivieri, Lucio"]
[Result "0-1"]
[WhiteElo "1713"]
[BlackElo "1659"]
[PlyCount "100"]
[EventDate "2007.09.02"]
[EventType "swiss"]
[EventRounds "9"]
[EventCountry "ITA"]
[SourceTitle "EXT 2010"]
[Source "ChessBase"]
[SourceDate "2010.11.25"]
[SourceVersion "1"]
[SourceVersionDate "2010.11.25"]
[SourceQuality "1"]

1. d4 Nf6 2. Nf3 e6 3. e3 Be7 4. Bd3 0-0 5. b3 b6 6. Bb2 Bb7 7. Nbd2 d5 8. Ne5 Nbd7 9. Ndf3 c5 10. Qe2 Rc8 11. 0-0 cxd4 12. exd4 h6 13. Nxf7 Kxf7 14. Ne5+ Nxe5 15. dxe5 Ne4 16. Rad1 Qe8 17. Bd4 Kg8 18. c4 Bc5 19. Bxe4 dxe4 20. Qg4 Bxd4 21. Rxd4 Rf5 22. Rfd1 Rg5 23. Qh3 e3 24. f3 e2 25. Re1 Rxe5 26. f4 Rh5 27. Qe3 Qf7 28. Qxe2 Re8 29. Qg4 Qf5 30. Qxf5 Rxf5 31. g4 Rf7 32. Rd6 Bc8 33. f5 e5 34. Rd5 Rfe7 35. Red1 Kf7 36. Kf2 Bb7 37. Rd7 Rxd7 38. Rxd7+ Re7 39. Rd6 e4 40. Ke3 Ba8 41. h4 Ke8 42. g5 hxg5 43. hxg5 Bb7 44. a4 Bc8 45. Kf4 e3 46. Rd1 e2 47. Re1 Bb7 48. f6 gxf6 49. gxf6 Re6 50. Kg3 Kf7 0-1